5文字以上のインターチェンジ、ジャンクション - Statistics

General Stats
  • This quiz has been taken 127 times
  • The average score is 25 of 260
Answer Stats
道路名 都道府県 自治体 Answer 形態 % Correct
北陸自動車道東海北陸自動車道
能越自動車道
富山県 小矢部市砺波市 小矢部砺波 JCT
37%
新東名高速道路(IC/JCT)
三遠南信自動車道(JCT)
静岡県 浜松市北区 浜松いなさ IC/JCT
35%
新東名高速道路 静岡県 沼津市 駿河湾沼津 SIC
30%
常磐自動車道 福島県 いわき市 いわき勿来 IC
29%
常磐自動車道 茨城県 つくばみらい市 つくばみらい SIC(未開業)
29%
常磐自動車道 福島県 いわき市 いわき中央 IC
28%
京都縦貫自動車道山陰近畿自動車道 京都府 宮津市 宮津天橋立 IC
28%
道央自動車道 北海道 虻田郡洞爺湖町 虻田洞爺湖 IC
27%
首都圏中央連絡自動車道 埼玉県 鶴ヶ島市 圏央鶴ヶ島 IC
27%
山陽自動車道 兵庫県 姫路市 山陽姫路西 IC
27%
京都縦貫自動車道 京都府 船井郡京丹波町 京丹波わち IC
25%
西九州自動車道 長崎県 佐世保市 佐世保中央 IC
25%
山陽自動車道播但連絡道路 兵庫県 姫路市 山陽姫路東 IC
25%
東水戸道路常陸那珂有料道路 茨城県 ひたちなか市 ひたちなか IC
25%
中部横断自動車道 山梨県 南アルプス市 南アルプス IC
24%
新名神高速道路 大阪府 箕面市 箕面とどろみ IC
24%
常磐自動車道 福島県 いわき市 いわき小名浜 IC(未開業)
23%
常磐自動車道 福島県 いわき市 いわき湯本 IC
23%
東京湾アクアライン 東京湾アクアライン連絡道 千葉県 木更津市 木更津金田 IC
23%
首都圏中央連絡自動車道 茨城県 つくば市 つくば中央 IC
23%
東関東自動車道 千葉県 習志野市 湾岸習志野 IC
23%
日本海東北自動車道 山形県 鶴岡市 あつみ温泉 IC
22%
上信越自動車道 群馬県 安中市 碓氷軽井沢 IC
22%
東名高速道路 静岡県 焼津市 大井川焼津藤枝 SIC
22%
阪和自動車道 大阪府 岸和田市和泉市 岸和田和泉 IC
22%
上信越自動車道 長野県 東御市 東部湯の丸 IC
22%
上信越自動車道 群馬県 安中市 松井田妙義 IC
22%
福岡高速6号アイランドシティ線 福岡県 福岡市東区 アイランドシティ 出入口
20%
新東名高速道路 神奈川県 伊勢原市 伊勢原大山 IC
20%
新名神高速道路 大阪府 茨木市 茨木千提寺 IC
20%
東海北陸自動車道 岐阜県 各務原市 岐阜各務原 IC
20%
道央自動車道 北海道 千歳市 新千歳空港 IC
20%
伊勢湾岸自動車道 愛知県三重県 弥富市桑名郡木曽岬町 弥富木曽岬 IC
20%
会津縦貫北道路 福島県 会津若松市 会津若松北 IC
19%
常磐自動車道 茨城県 石岡市 石岡小美玉 SIC
19%
東海北陸自動車道 愛知県 一宮市 一宮木曽川 IC
19%
京奈和自動車道 和歌山県 伊都郡かつらぎ町 かつらぎ西 IC
19%
津軽自動車道 青森県 五所川原市 五所川原北 IC
19%
津軽自動車道 青森県 五所川原市 五所川原東 IC
19%
首都圏中央連絡自動車道 神奈川県 相模原市南区 相模原愛川 IC
19%
常磐自動車道 福島県 いわき市 いわき四倉 IC
18%
東京外環自動車道 埼玉県 三郷市 外環三郷西 IC
18%
東九州自動車道 福岡県 京都郡苅田町 苅田北九州空港 IC
18%
京都縦貫自動車道 京都府 船井郡京丹波町 京丹波みずほ IC
18%
東名高速道路 静岡県 牧之原市 相良牧之原 IC
18%
舞鶴若狭自動車道 兵庫県 丹波篠山市 丹南篠山口 IC
18%
東北自動車道 岩手県 八幡平市 松尾八幡平 IC
18%
新名神高速道路第二京阪道路 京都府 八幡市 八幡京田辺 IC/JCT
18%
館山自動車道 千葉県 市原市 姉崎袖ケ浦 IC
17%
東海北陸自動車道 愛知県 一宮市 一宮稲沢北 IC
17%
山陰近畿自動車道 京都府 京丹後市 京丹後大宮 IC
17%
西名阪自動車道京奈和自動車道 奈良県 大和郡山市 郡山下ツ道 JCT
17%
関越自動車道 群馬県 渋川市 渋川伊香保 IC
17%
首都圏中央連絡自動車道 茨城県 つくば市 つくば牛久 IC
17%
東北自動車道 栃木県 那須塩原市 西那須野塩原 IC
17%
九州自動車道 熊本県 上益城郡益城町 益城熊本空港 IC
17%
京都縦貫自動車道 京都府 綾部市 綾部安国寺 IC
16%
紀勢自動車道 三重県 度会郡大紀町 紀勢大内山 IC
16%
日本海東北自動車道 新潟県 北蒲原郡聖籠町 聖籠新発田 IC
16%
新湘南バイパス 神奈川県 茅ヶ崎市 茅ヶ崎海岸 IC
16%
東海環状自動車道 岐阜県 土岐市 土岐南多治見 IC
16%
道央自動車道 北海道 苫小牧市 苫小牧中央 IC
16%
東名高速道路 静岡県 静岡市駿河区 日本平久能山 SIC
16%
神戸淡路鳴門自動車道 兵庫県 洲本市 淡路島中央 SIC
14%
磐越自動車道 福島県 耶麻郡猪苗代町 猪苗代磐梯高原 IC
14%
東関東自動車道 茨城県 東茨城郡茨城町 茨城空港北 IC
14%
秋田自動車道 秋田県 北秋田市 大館能代空港 IC
14%
関西国際空港連絡橋 大阪府 泉佐野市 関西国際空港 IC
14%
東北自動車道 岩手県 北上市 北上江釣子 IC
14%
中部国際空港連絡道路 愛知県 常滑市 セントレア東 IC
14%
新湘南バイパス 神奈川県 茅ヶ崎市 茅ヶ崎中央 IC
14%
東海北陸自動車道 岐阜県 郡上市 ひるがの高原 SIC
14%
九州自動車道 鹿児島県 霧島市 溝辺鹿児島空港 IC
14%
北関東自動車道 栃木県 宇都宮市 宇都宮上三川 IC
13%
中部縦貫自動車道 福井県 吉田郡永平寺町 永平寺参道 IC
13%
加古川バイパス東播磨南北道路 兵庫県 加古川市 加古川中央 JCT
13%
三陸沿岸道路 宮城県 気仙沼市 気仙沼中央 IC
13%
西九州自動車道 長崎県 佐世保市 佐世保大塔 IC
13%
上信越自動車道 長野県 須坂市長野市 須坂長野東 IC
13%
長崎自動車道 長崎県 長崎市諫早市 長崎多良見 IC
13%
北陸自動車道 新潟県 長岡市 中之島見附 IC
13%
能越自動車道 石川県 輪島市 のと里山空港 IC
13%
美幌バイパス 北海道 網走郡大空町 女満別空港 IC
13%
東北自動車道 秋田県 鹿角市 鹿角八幡平 IC
12%
第二京阪道路 京都府 京田辺市 京田辺松井 IC
12%
道央自動車道 北海道 空知郡奈井江町 奈井江砂川 IC
12%
中国自動車道 兵庫県 加東市 ひょうご東条 IC
12%
東北中央自動車道 福島県 福島市 福島大笹生 IC
12%
九州自動車道 福岡県 みやま市 みやま柳川 IC
12%
西名阪自動車道 奈良県 大和郡山市 大和まほろば IC
12%
山陰近畿自動車道 京都府 宮津市 与謝天橋立 IC
12%
東九州自動車道 大分県 宇佐市 大分農業文化公園 IC
11%
東北自動車道 岩手県 北上市 北上金ヶ崎 IC
11%
首都高速道路埼玉新都心線 埼玉県 さいたま市緑区 さいたま見沼 出入口
11%
西九州自動車道 長崎県 佐世保市 佐世保みなと IC
11%
新東名高速道路 静岡市 静岡市清水区 清水いはら IC
11%
第二京阪道路 大阪府 門真市 第二京阪門真 IC
11%
常磐自動車道 茨城県 かすみがうら市 千代田石岡 IC
11%
日本海東北自動車道 新潟県 新潟市北区 豊栄新潟東港 IC
11%
首都高速道路中央環状線 東京都 中野区 中野長者橋 出入口
11%
西九州自動車道 長崎県 東彼杵郡波佐見町 波佐見有田 IC
11%
三遠南信自動車道 静岡県 浜松市北区 浜松いなさ北 IC
11%
常磐自動車道 茨城県 日立市 日立南太田 IC
11%
広島自動車道 広島県 広島市安佐南区 広島西風新都 IC
11%
阪神高速道路2号 大阪府 大阪市此花区 ユニバーサルシティ 出口
11%
仙台北部道路 宮城県 宮城郡利府町 利府しらかし台 IC
11%
東九州自動車道 大分県 大分市 大分宮河内 IC
10%
東北中央自動車道 山形県 上山市 かみのやま温泉 IC
10%
日本海東北自動車道 山形県 酒田市 酒田みなと IC
10%
伊勢自動車道 三重県 多気郡多気町 多気ヴィソン SIC
10%
関越自動車道 新潟県 長岡市 長岡南越路 SIC
10%
常磐自動車道 埼玉県 三郷市 三郷料金所 SIC
10%
首都高速神奈川1号横羽線 神奈川県 横浜市西区 みなとみらい 出入口
10%
首都高速道路神奈川2号三ツ沢線 神奈川県 横浜市西区 横浜駅西口 出入口
10%
首都高速道路湾岸線 東京都 港区 臨海副都心 出入口
10%
日本海東北自動車道 新潟県 村上市 朝日まほろば IC
8%
箱根新道 神奈川県 足柄下郡箱根町 芦ノ湖大観 IC
8%
今治小松自動車道 愛媛県 今治市 今治湯ノ浦 IC
8%
磐越自動車道 福島県 いわき市 いわき三和 IC
8%
日本海東北自動車道 新潟県 村上市 神林岩船港 IC
8%
高知東部自動車道 高知県 南国市 高知龍馬空港 IC
8%
横浜新道保土ヶ谷バイパス 神奈川県 横浜市保土ケ谷区 新保土ヶ谷 IC
8%
西瀬戸自動車道尾道福山自動車道 広島県 尾道市 西瀬戸尾道 IC
8%
阪神高速道路13号東大阪線 大阪府 東大阪市 東大阪荒本 出入口
8%
松山自動車道 愛媛県 四国中央市 三島川之江 IC
8%
松江自動車道 島根県 雲南市 三刀屋木次 IC
8%
京奈和自動車道 奈良県 大和郡山市 大和郡山北 IC
8%
首都高速神奈川1号横羽線 神奈川県 横浜市西区 横浜駅東口 出入口
8%
阪神高速道路5号湾岸線 兵庫県 神戸市東灘区 六甲アイランド北 出入口
8%
名阪国道 三重県 伊賀市 伊賀一之宮 IC
7%
旭川紋別自動車道 北海道 紋別郡遠軽町 遠軽瀬戸瀬 IC
7%
九州自動車道 福岡県 小郡市 小郡鳥栖南 SIC(未開業)
7%
秋田自動車道 秋田県 南秋田郡五城目町 五城目八郎潟 IC
7%
中部横断自動車道 山梨県 南巨摩郡身延町 下部温泉早川 IC
7%
山陰近畿自動車道 兵庫県 美方郡新温泉町 新温泉浜坂 IC
7%
幌富バイパス豊富バイパス 北海道 天塩郡豊富町 豊富サロベツ IC
7%
山陰自動車道 島根県 益田市 萩・石見空港 IC
7%
横浜横須賀道路 神奈川県 横浜市金沢区 堀口能見台 IC
7%
首都高速道路湾岸線 神奈川県 横浜市中区 南本牧ふ頭 出入口
7%
東九州自動車道 福岡県 京都郡みやこ町 みやこ豊津 IC
7%
中部横断自動車道 長野県 南佐久郡佐久穂町 八千穂高原 IC
7%
東北中央自動車道 福島県 米沢市 米沢八幡原 IC
7%
深川留萌自動車道 北海道 留萌市 留萌大和田 IC
7%
阪神高速道路5号湾岸線 兵庫県 尼崎市 尼崎東海岸 出入口
6%
三遠南信自動車道 長野県 飯田市 飯田上久堅・喬木富田 IC
6%
阪神高速道路11号池田線 大阪府 池田市 池田木部第一 出入口
6%
阪神高速道路11号池田線 大阪府 池田市 池田木部第二 出入口
6%
九州中央自動車道 熊本県 上益城郡御船町 上野吉無田 IC
6%
三陸沿岸道路 岩手県 下閉伊郡田野畑村 鵜の巣断崖 IC
6%
東九州自動車道 大分県 佐伯市 蒲江波当津 IC
6%
旭川紋別自動車道 北海道 上川郡上川町 上川層雲峡 IC
6%
京奈和自動車道 和歌山県 伊都郡かつらぎ町 紀北かつらぎ IC
6%
のと里山海道 石川県 かほく市 県立看護大 IC
6%
西九州自動車道 長崎県 佐世保市 佐世保三川内 IC
6%
秋田自動車道 秋田県 秋田市 昭和男鹿半島 IC
6%
東九州自動車道 鹿児島県 曽於市 曽於弥五郎 IC
6%
三陸沿岸道路 岩手県 下閉伊郡田野畑村 田野畑中央 IC
6%
三陸沿岸道路 宮城県 東松島市 鳴瀬奥松島 IC
6%
深川留萌自動車道 北海道 雨竜郡北竜町 北竜ひまわり IC
6%
常磐自動車道 福島県 南相馬市 南相馬鹿島 SIC
6%
西九州自動車道 佐賀県 伊万里市 南波多谷口 IC
6%
日本海東北自動車道 新潟県 村上市 村上瀬波温泉 IC
6%
西九州自動車道 佐賀県 伊万里市 伊万里東府招 IC
5%
松山自動車道 愛媛県 喜多郡内子町 内子五十崎 IC
5%
東北中央自動車道 山形県 村山市 大石田村山 IC
5%
東北中央自動車道 秋田県 湯沢市 雄勝こまち IC
5%
西九州自動車道 佐賀県 唐津市 唐津千々賀山田 IC
5%
中部横断自動車道 長野県 佐久市 佐久中佐都 IC
5%
高松自動車道 香川県 木田郡三木町 さぬき三木 IC
5%
阪神高速道路7号北神戸線 兵庫県 神戸市須磨区神戸市北区 しあわせの村 出入口
5%
東九州自動車道 鹿児島県 志布志市 志布志有明 IC
5%
高知自動車道窪川佐賀道路 高知県 高岡郡四万十町 四万十町中央 IC
5%
高知自動車道 高知県 高岡郡四万十町 四万十町西 IC
5%
山形自動車道 山形県 鶴岡市 庄内あさひ IC
5%
太子竜野バイパス姫路西バイパス 兵庫県 揖保郡太子町 太子上太田 JCT
5%
那覇空港自動車道 沖縄県 豊見城市 豊見城・名嘉地 IC
5%
阪神高速道路7号北神戸線 兵庫県 西宮市 西宮山口東 出入口
5%
常陸那珂有料道路 茨城県 ひたちなか市 ひたち海浜公園 IC
5%
函館江差自動車道 北海道 北斗市 北斗茂辺地 IC
5%
道東自動車道 北海道 勇払郡むかわ町 むかわ穂別 IC
5%
日本海東北自動車道 新潟県 村上市 村上山辺里 IC
5%
九州中央自動車道 熊本県 上益城郡山都町 山都中島西 IC
5%
姫路西バイパス 兵庫県 姫路市 相野出屋敷 ランプ
4%
高知東部自動車道 高知県 香南市 香南かがみ IC
4%
高知東部自動車道 高知県 香南市 香南のいち IC
4%
山陰自動車道 鳥取県 東伯郡琴浦町 琴浦船上山 IC
4%
三遠南信自動車道 長野県 浜松市天竜区 佐久間川合 IC
4%
南九州西回り自動車道 鹿児島県 薩摩川内市 薩摩川内水引 IC
4%
南九州西回り自動車道 鹿児島県 薩摩川内市 薩摩川内都 IC
4%
高松自動車道 香川県 三豊市 さぬき豊中 IC
4%
高知自動車道 高知県 高岡郡四万十町 四万十町東 IC
4%
東北中央自動車道 山形県 新庄市 新庄真室川 IC
4%
山陰自動車道 山口県 長門市 長門湯本温泉 IC
4%
北近畿豊岡自動車道 兵庫県 豊岡市 日高神鍋高原 IC
4%
常陸那珂有料道路 茨城県 ひたちなか市 常陸那珂港 IC
4%
九州中央自動車道 宮崎県 西臼杵郡日之影町 日之影深角 IC
4%
中央自動車道 山梨県 富士吉田市 富士吉田西桂 SIC
4%
日本海東北自動車道 秋田県 由利本荘市 松ヶ崎亀田 IC
4%
中津日田道路 大分県 中津市 耶馬溪山移 IC
4%
九州中央自動車道 熊本県 上益城郡山都町 山都通潤橋 IC(未開業)
4%
北近畿豊岡自動車道 兵庫県 養父市 八鹿氷ノ山 IC
4%
十勝オホーツク自動車道 北海道 足寄郡陸別町 陸別小利別 IC
4%
山口宇部道路 山口県 山口市 流通センター IC
4%
中津日田道路 大分県 中津市 青の洞門・羅漢寺 IC(未開業)
2%
播但連絡道路 兵庫県 朝来市 生野北第一 ランプ
2%
播但連絡道路 兵庫県 朝来市 生野北第二 ランプ
2%
松山自動車道 愛媛県 宇和島市 宇和島朝日 IC
2%
佐賀唐津道路 佐賀県 唐津市 相知長部田 IC
2%
横浜横須賀道路 神奈川県 横浜市金沢区 金沢自然公園 IC
2%
三陸沿岸道路 青森県 三戸郡階上町 種差海岸階上岳 IC
2%
高知東部自動車道 高知県 南国市 なんこく南 IC
2%
秋田自動車道 秋田県 大館市 二井田真中 IC
2%
阪神高速道路7号北神戸線 兵庫県 西宮市 西宮山口南 出入口
2%
山陰自動車道 鳥取県 鳥取市 浜村鹿野温泉 IC
2%
東富士五湖道路 山梨県 富士吉田市 富士吉田忍野 SIC
2%
秋田自動車道 秋田県 能代市 二ツ井白神 IC
2%
南薩縦貫道 鹿児島県 南九州市 南九州知覧 IC
2%
三陸沿岸道路 宮城県 本吉郡南三陸町 南三陸海岸 IC
2%
東北中央自動車道 山形県 村山市 村山本飯田 IC
2%
九州中央自動車道 熊本県 上益城郡山都町 山都中島東 IC(未開業)
2%
山形自動車道 山形県 寒河江市 寒河江SA SIC
2%
今治小松自動車道 愛媛県 西条市 いよ小松北 IC
1%
三陸沿岸道路 岩手県 下閉伊郡岩泉町 岩泉龍泉洞 IC
1%
松山自動車道 愛媛県 宇和島市 宇和島坂下津 IC
1%
山陰自動車道 島根県 大田市 大田中央・三瓶山 IC
1%
加古川バイパス 兵庫県 加古川市 加古川西詰 ランプ
1%
釜石自動車道 岩手県 釜石市 釜石仙人峠 IC
1%
高知自動車道 高知県 幡多郡黒潮町 黒潮拳ノ川 IC
1%
三陸沿岸道路 宮城県 気仙沼市 気仙沼鹿折 IC
1%
東播磨南北道路 兵庫県 加古川市 県立加古川医療センター ランプ
1%
南九州西回り自動車道 鹿児島県 薩摩川内市 薩摩川内高江 IC
1%
北薩横断道路 鹿児島県 薩摩郡さつま町 さつま泊野 IC
1%
北薩横断道路 鹿児島県 薩摩郡さつま町 さつま広橋 IC
1%
新名神高速道路 滋賀県 大津市 新名神大津 SIC(未開業)
1%
山陰自動車道 島根県 大田市 仁摩・石見銀山 IC(未開業)
1%
名四国道 愛知県 名古屋市港区 藤前流通団地 IC
1%
第二みちのく有料道路 青森県 上北郡おいらせ町 三沢十和田下田 IC
1%
南薩縦貫道 鹿児島県 南九州市 南九州川辺 IC
1%
阪神高速道路2号淀川左岸線 大阪府 大阪市此花区 淀川左岸舞洲 出入口
1%
三陸沿岸道路 岩手県 陸前高田市 陸前高田長部 IC
1%
のと里山海道 石川県 河北郡内灘町 内灘白帆台 IC
0%
松山自動車道 愛媛県 宇和島市 宇和島別当 IC
0%
三陸沿岸道路 岩手県 大船渡市 大船渡碁石海岸 IC
0%
三陸沿岸道路 宮城県 気仙沼市 唐桑小原木 IC
0%
東関東自動車道 千葉県 千葉市美浜区 検見川・真砂 SIC(未開業)
0%
名豊道路 愛知県 豊川市 小酒井御津 IC
0%
北薩横断道路 鹿児島県 薩摩郡さつま町 さつま観音滝 IC
0%
東広島呉自動車道 広島県 東広島市 下三永福本 IC
0%
広島南道路 広島県 広島市西区 商工センター 出入口
0%
三陸沿岸道路 岩手県 宮古市 田老真崎海岸 IC
0%
静清バイパス 静岡県 静岡市葵区 千代田上土 IC
0%
南薩縦貫道 鹿児島県 南九州市 知覧金山水車 IC
0%
第二伊勢道路 三重県 鳥羽市 鳥羽南・白木 IC
0%
南部東道路 沖縄県 南城市 南城佐敷・玉城 IC
0%
南部東道路 沖縄県 南城市 南城つきしろ IC(未開業)
0%
下北半島縦貫道路 青森県 上北郡野辺地町 野辺地木明 IC
0%
広島高速道路5号線 広島県 広島市東区 広島駅北口 出入口(未開業)
0%
南薩縦貫道 鹿児島県 南九州市 南九州川辺ダム IC
0%
南薩縦貫道 鹿児島県 南九州市 南九州神殿 IC
0%
下北半島縦貫道路 青森県 むつ市 むつ尻屋崎 IC
0%
No matching quizzes found
Score Distribution
Percent of People with Each Score
Percentile by Number Answered
Your Score History
You have not taken this quiz